[Event "Hessen-ch Seniors op 03rd"]
[Site "Bad Sooden-Allendorf"]
[Date "2007.05.01"]
[Round "4"]
[White "Beikirch, Heinz"]
[Black "Matthes, Manfred"]
[Result "1-0"]
[WhiteElo "1632"]
[BlackElo "1781"]
[PlyCount "89"]
[EventDate "2007.04.27"]
[EventType "swiss"]
[EventRounds "9"]
[EventCountry "GER"]
[SourceTitle "EXT 2022"]
[Source "ChessBase"]
[SourceDate "2021.10.06"]
[SourceVersion "1"]
[SourceVersionDate "2021.10.06"]
[SourceQuality "1"]

1. e4 c6 2. d4 d5 3. Nc3 dxe4 4. Nxe4 Nf6 5. Ng3 h5 6. Bc4 h4 7. N3e2 Bg4 8. h3 Bh5 9. Qd3 Bxe2 10. Nxe2 e6 11. Bg5 Be7 12. 0-0-0 Nd5 13. Bxe7 Qxe7 14. Kb1 Nd7 15. Bb3 0-0-0 16. c4 N5f6 17. Rhe1 Nc5 18. Qf3 Nxb3 19. axb3 Qb4 20. Kc2 Qd6 21. Nc3 Rh6 22. Ne4 Nxe4 23. Rxe4 Rf6 24. Qe3 g5 25. Rd2 Rf4 26. Rxf4 gxf4 27. Qe5 Kc7 28. Kd1 f3 29. gxf3 Rg8 30. Qf6 Rg1+ 31. Ke2 Qh2 32. Qxf7+ Kb6 33. c5+ Ka6 34. Qxe6 Qg2 35. Qc4+ b5 36. cxb6+ Kxb6 37. Qc5+ Kb7 38. d5 Qf1+ 39. Ke3 cxd5 40. Qxd5+ Kb6 41. Qe6+ Kb5 42. Rd5+ Kb4 43. Rd4+ Kb5 44. Qe5+ Kb6 45. Rd6+ 1-0

[Event "Hessen-ch Seniors op 02nd"]
[Site "Bad Sooden-Allendorf"]
[Date "2006.04.26"]
[Round "2"]
[White "Pastowski, Werner"]
[Black "Beikirch, Heinz"]
[Result "1/2-1/2"]
[WhiteElo "1556"]
[BlackElo "1633"]
[PlyCount "30"]
[EventDate "2006.04.25"]
[EventType "swiss"]
[EventRounds "9"]
[EventCountry "GER"]
[SourceTitle "EXT 2007"]
[Source "ChessBase"]
[SourceDate "2006.11.23"]
[SourceVersion "1"]
[SourceVersionDate "2006.11.23"]
[SourceQuality "1"]

1. d4 Nf6 2. Nf3 e6 3. c4 Bb4+ 4. Bd2 Qe7 5. a3 Bxd2+ 6. Nbxd2 0-0 7. e3 c5 8. Be2 b6 9. 0-0 Bb7 10. Qc2 d5 11. dxc5 bxc5 12. cxd5 exd5 13. Rfe1 Nbd7 14. Rac1 a6 15. Bd3 Rac8 1/2-1/2

[Event "Hessen-ch Seniors op 01st"]
[Site "Bad Sooden-Allendorf"]
[Date "2005.04.26"]
[Round "5"]
[White "Beikirch, Heinz"]
[Black "Kotlar, Alfred"]
[Result "0-1"]
[WhiteElo "1715"]
[BlackElo "1982"]
[PlyCount "68"]
[EventDate "2005.04.22"]
[EventType "swiss"]
[EventRounds "9"]
[EventCountry "GER"]
[SourceTitle "EXT 2007"]
[Source "ChessBase"]
[SourceDate "2006.11.23"]
[SourceVersion "1"]
[SourceVersionDate "2006.11.23"]
[SourceQuality "1"]

1. e4 d6 2. Nf3 Nf6 3. Nc3 g6 4. d4 Bg7 5. Bb5+ c6 6. Ba4 0-0 7. h3 b5 8. Bb3 b4 9. e5 dxe5 10. dxe5 bxc3 11. exf6 Bxf6 12. Qxd8 Rxd8 13. Rb1 a5 14. bxc3 Bxc3+ 15. Bd2 Bxd2+ 16. Nxd2 Na6 17. Nf3 Nc5 18. Bc4 Ba6 19. Bxa6 Rxa6 20. 0-0 f6 21. g3 Kf7 22. Rfe1 Rd7 23. Re3 e5 24. Kf1 h5 25. Ke2 e4 26. Nd2 f5 27. h4 Kf6 28. Nc4 Ne6 29. c3 Nc5 30. Rb8 Nd3 31. Rb1 Rd5 32. Nb6 Rb5 33. Rxb5 cxb5 34. Nd5+ Ke5 0-1

[Event "Hessen-ch Seniors op 01st"]
[Site "Bad Sooden-Allendorf"]
[Date "2005.04.22"]
[Round "1"]
[White "Ahlberg, Guenter"]
[Black "Beikirch, Heinz"]
[Result "1-0"]
[WhiteElo "1921"]
[BlackElo "1715"]
[PlyCount "81"]
[EventDate "2005.04.22"]
[EventType "swiss"]
[EventRounds "9"]
[EventCountry "GER"]
[SourceTitle "EXT 2007"]
[Source "ChessBase"]
[SourceDate "2006.11.23"]
[SourceVersion "1"]
[SourceVersionDate "2006.11.23"]
[SourceQuality "1"]

1. e4 e5 2. Nf3 Nc6 3. Bb5 a6 4. Ba4 Nf6 5. Qe2 b5 6. Bb3 Be7 7. d4 d6 8. a4 Rb8 9. axb5 axb5 10. c3 exd4 11. Nxd4 Nxd4 12. cxd4 0-0 13. 0-0 c5 14. dxc5 dxc5 15. Rd1 Qb6 16. e5 Ne8 17. Nc3 Nc7 18. Be3 Bb7 19. Bc2 b4 20. Na4 Qc6 21. f3 Nd5 22. Be4 Qe6 23. Bxd5 Bxd5 24. Nxc5 Bxc5 25. Bxc5 Bc4 26. Qe3 Rfc8 27. Bd6 Rb5 28. Rdc1 h6 29. Ra4 Rd5 30. Qe4 f5 31. Qe1 Bb3 32. Raa1 Rxc1 33. Rxc1 Rb5 34. Qd2 Qd5 35. Qxd5+ Rxd5 36. Re1 Kf7 37. Bxb4 Ke6 38. Bc3 f4 39. Re4 g5 40. Rb4 Bc2 41. Rb6+ 1-0